000 00332nam a2200145Ia 4500
008 210210b1984 xxu||||| |||| 00| 0 eng d
082 _a142.78 CAMR
100 _aCAMUS (Albert).
245 _aRebel.
260 _aN Y
_bPenguin Books
_c1984
300 _a272
650 _aExistentialism
690 _aPhilosophy
906 _a042804
999 _c92555
_d92555